[Event "Open A"]
[Site "Vladimir RUS"]
[Date "2008.08.22"]
[Round "10"]
[White "Zablotsky,S"]
[Black "Kokarev,Dm"]
[Result "0-1"]
[WhiteElo "2514"]
[BlackElo "2582"]

1.d4 Nf6 2.c4 g6 3.Nc3 Bg7 4.e4 O-O 5.Nf3 d6 6.Be2 Na6 7.O-O e5 8.Re1 c6
9.Bf1 exd4 10.Nxd4 Qb6 11.h3 Ng4 12.hxg4 Qxd4 13.g5 Qxd1 14.Rxd1 Be5 15.Be3 Nc5
16.f3 a5 17.Rd2 a4 18.Rc1 a3 19.b4 Na4 20.Ne2 c5 21.bxc5 dxc5 22.Nf4 b6 23.Nd5 Be6
24.f4 Bb2 25.Rcc2 Bxd5 26.cxd5 Nc3 27.e5 Nxa2 28.Rxb2 axb2 29.Rxb2 Nc3 30.d6 Nd1
31.Rb3 Nxe3 32.Rxe3 Ra4 33.g3 c4 34.Rc3 b5 35.Bg2 Ra1+ 36.Kh2 Rd1 37.g4 Rd4
38.f5 b4 39.Rc1 b3 40.Rb1 gxf5 41.gxf5 Re8 42.Re1 Rxd6  0-1

[Event "U16 Olympiad"]
[Site "Mersin TUR"]
[Date "2008.08.23"]
[Round "9"]
[White "Rosenthal,Jon"]
[Black "Shyam,SM"]
[Result "0-1"]
[WhiteElo "2248"]
[BlackElo "2312"]

1.d4 Nf6 2.c4 g6 3.Nc3 Bg7 4.e4 d6 5.Nf3 O-O 6.Be2 e5 7.O-O Na6 8.Be3 Ng4
9.Bg5 Qe8 10.c5 dxc5 11.Bxa6 bxa6 12.d5 h6 13.Bc1 f5 14.Nd2 f4 15.b3 Rf7
16.Ba3 Nf6 17.f3 Bf8 18.Na4 Bd7 19.Nb2 g5 20.Nd3 g4 21.Nc4 Bd6 22.Nxc5 gxf3
23.Nxd7 f2+ 24.Rxf2 Qxd7 25.Qf3 Rg7 26.Bb2 Re8 27.Kh1 Kh7 28.g3 Ng4 29.Rg2 Rf8
30.Rag1 fxg3 31.Qxg3 Nf2+ 32.Qxf2 Rxf2 33.Rxf2 Rxg1+ 34.Kxg1 Bc5  0-1

[Event "XIII Konik Morski Open A"]
[Site "Rewal POL"]
[Date "2008.08.23"]
[Round "4"]
[White "Matuszewski,M"]
[Black "Zhigalko,A"]
[Result "0-1"]
[WhiteElo "2233"]
[BlackElo "2551"]

1.d4 Nf6 2.c4 g6 3.Nc3 Bg7 4.e4 d6 5.Nf3 O-O 6.Be2 Nbd7 7.O-O e5 8.Be3 Re8
9.d5 Nh5 10.g3 Bf8 11.Ne1 Ng7 12.Nd3 f5 13.f3 Be7 14.Qd2 Nf6 15.c5 fxe4 16.fxe4 Bh3
17.Rf2 h5 18.Rd1 Ng4 19.Bxg4 Bxg4 20.Rc1 Rf8 21.Rxf8+ Kxf8 22.cxd6 cxd6 23.Qf2+ Kg8
24.Bxa7 h4 25.Be3 Qd7 26.Rf1 Bh3 27.Qf7+ Kh7 28.Nf4 exf4 29.Bd4 Bg5 30.Qxd7 Bxd7
31.gxf4 Bh6 32.Bf6 Nh5 33.Bxh4 Bxf4 34.Bg3 g5 35.Kg2 Kg6 36.Rf2 Nxg3 37.hxg3 Be5
38.Rc2 Rc8 39.Rc1 Bg4 40.Rb1 Rf8  0-1

[Event "GM"]
[Site "Vienna AUT"]
[Date "2008.08.23"]
[Round "8"]
[White "Neubauer,M"]
[Black "Beckhuis,G"]
[Result "0-1"]
[WhiteElo "2457"]
[BlackElo "2353"]

1.d4 Nf6 2.c4 g6 3.Nc3 Bg7 4.e4 d6 5.Nf3 O-O 6.Be2 e5 7.Be3 Ng4 8.Bg5 f6
9.Bc1 Nc6 10.d5 Ne7 11.h3 Nh6 12.h4 f5 13.h5 fxe4 14.Nxe4 Nhf5 15.Qc2 c6
16.g4 cxd5 17.cxd5 Nd4 18.Nxd4 exd4 19.hxg6 Nxg6 20.Rxh7 Ne5 21.Bh6 Bxh6
22.Rxh6 d3 23.Bxd3 Bxg4 24.Be2 Bf5 25.Qc3 Qe7 26.Nxd6 Bg6 27.Rxg6+ Nxg6 28.Qg3 Rf6
29.Nf5 Qh7 30.Ne3 Qh1+ 31.Bf1 Qe4 32.Rd1 Raf8 33.Bd3 Qf4 34.Qxf4 Nxf4 35.d6 Nxd3+
36.Rxd3 Rd8 37.d7 Kf8 38.Ke2 Rf7 39.Rd2 Rdxd7 40.Rc2 Rc7 41.Nc4 b5 42.Ne3 Rxc2+
43.Nxc2 a6 44.Nb4 Rf6 45.Ke3 Ke8 46.Kd4 Rf4+ 47.Kc3 Rc4+ 48.Kb3 a5 49.Nd5 Kf7
50.a3 Ke6 51.Nc3 Rc5 52.a4 b4 53.Nd1 Ke5 54.Ne3 Kd4 55.Nc2+ Kd3 56.Ne3 Rc8
57.Nd5 Rf8 58.f4 Kd4 59.Nc7 Rh8 60.Ne6+ Kd5 61.f5 Rh3+ 62.Kc2 b3+ 63.Kd2 Kc4
64.Ng5 Rh2+ 65.Ke3 Rxb2 66.f6 Rh2 67.f7 Rh8 68.Kd2 b2 69.Kc2 Rh2+  0-1

[Event "X Sants Open"]
[Site "Barcelona ESP"]
[Date "2008.08.24"]
[Round "3"]
[White "Bartel,Mat"]
[Black "Aloma Vidal,R"]
[Result "1-0"]
[WhiteElo "2579"]
[BlackElo "2388"]

1.d4 Nf6 2.c4 g6 3.Nc3 Bg7 4.e4 d6 5.Nf3 O-O 6.Be2 e5 7.Be3 exd4 8.Nxd4 Re8
9.f3 c6 10.Nc2 d5 11.cxd5 cxd5 12.exd5 Nbd7 13.O-O Nb6 14.Bb5 Bd7 15.Bxd7 Nfxd7
16.Bd4 Rc8 17.Bxg7 Kxg7 18.Qd4+ Qf6 19.Rae1 Red8 20.Qf2 Nc4 21.Ne3 Nde5 22.Nxc4 Nxc4
23.Qxa7 b6 24.Kh1 Ra8 25.Qc7 Rdc8 26.Qg3 Nxb2 27.Ne4 Qd4 28.Nd6 Qxd5 29.Nxc8 Rxc8
30.Qf2 Nd3 31.Qd2 Qc4 32.Rd1 Nb4 33.Rc1 Qb5 34.Qb2+ f6 35.a3  1-0

[Event "8th Open"]
[Site "Velika Gorica CRO"]
[Date "2008.08.25"]
[Round "4"]
[White "Kukina,M"]
[Black "Krnic,I"]
[Result "0-1"]
[WhiteElo "1999"]
[BlackElo "2192"]

1.d4 Nf6 2.c4 g6 3.Nc3 Bg7 4.Nf3 O-O 5.e4 d6 6.Be2 e5 7.Bg5 c6 8.dxe5 dxe5
9.Qxd8 Rxd8 10.O-O Re8 11.Rfd1 h6 12.Bxf6 Bxf6 13.b4 Be6 14.Nd2 Be7 15.a3 a5
16.b5 a4 17.bxc6 bxc6 18.Rdb1 Nd7 19.Bd1 Nc5 20.Ra2 Red8 21.Rb6 Rd3 22.Rc2 Rad8
23.Nf1 Rxc3 24.Rxc3 Rxd1 25.Rxc6 Nxe4 26.Rc2 Bg5 27.h4 Bxh4 28.Re2 Bf5 29.g4 Nc3
30.Re3 Bd3 31.Kh2 Bg5 32.Rf3 Bf4+ 33.Ng3 Be4 34.Rc8+ Kg7 35.Rxc3 Rh1+  0-1

[Event "XIII Konik Morski Open A"]
[Site "Rewal POL"]
[Date "2008.08.26"]
[Round "6"]
[White "Matuszewski,M"]
[Black "Wieczorek,O"]
[Result "0-1"]
[WhiteElo "2233"]
[BlackElo "2232"]

1.d4 Nf6 2.c4 g6 3.Nc3 Bg7 4.e4 d6 5.Nf3 O-O 6.Be2 e5 7.Be3 Ng4 8.Bg5 f6
9.Bc1 f5 10.Bg5 Qe8 11.exf5 exd4 12.Nd5 d3 13.Qxd3 Bxf5 14.Ne7+ Qxe7 15.Bxe7 Bxd3
16.Bxf8 Bxb2 17.Rd1 Bc3+ 18.Nd2 Bxe2 19.Kxe2 Kxf8 20.Ne4 Bg7 21.f3 Nf6 22.c5 Nxe4
23.fxe4 Ke7 24.cxd6+ cxd6 25.h4 h6 26.Rb1 b6 27.Rh3 Be5 28.Rc1 Na6 29.Rc6 Kd7
30.Rc4 b5 31.Rc1 Nc5 32.Rf3 Ke7 33.Ke3 Rf8 34.Rcf1 Rxf3+ 35.gxf3 g5 36.hxg5 hxg5
37.Rh1 a5 38.Rh7+ Ke6 39.Rh5 Bf6 40.Rh1 b4 41.Rb1 Bc3 42.Ke2 a4 43.Kd1 b3
44.a3 Nd3 45.Ke2 Ne5  0-1

[Event "16th Nikea Open"]
[Site "Athens GRE"]
[Date "2008.08.27"]
[Round "3"]
[White "Delithanasis,D"]
[Black "Kalogiannidis,I"]
[Result "0-1"]
[WhiteElo "2228"]
[BlackElo "1999"]

1.Nf3 Nf6 2.c4 g6 3.Nc3 Bg7 4.e4 d6 5.d4 O-O 6.Be2 e5 7.O-O Nbd7 8.Qc2 c6
9.Rd1 Qc7 10.Rb1 Re8 11.b4 Nf8 12.d5 cxd5 13.Nb5 Qe7 14.cxd5 Bg4 15.Be3 Rec8
16.Qd3 Nxe4 17.Nxa7 Rc3 18.Bg5 Rxd3 19.Bxe7 Rxd1+ 20.Bxd1 Rxa7 21.Bb3 Bxf3
22.gxf3 Nd2 23.Rc1 Nxb3 24.axb3 Ra6 25.Bd8 e4 26.Kg2 exf3+ 27.Kxf3 Ra3 28.Rb1 Be5
29.Ke3 Nd7 30.Kd3 Ra1 31.Rxa1 Bxa1 32.f4 Bf6 33.Bc7 Be7 34.b5 f5 35.Ba5 Nf6
36.Kc4 Ng4 37.Bc7 Ne3+  0-1

[Event "TCh-MNE Premier"]
[Site "Herceg Novi MNE"]
[Date "2008.08.27"]
[Round "3"]
[White "Nikcevic,N"]
[Black "Mihajlovic,V"]
[Result "0-1"]
[WhiteElo "2401"]
[BlackElo "2366"]

1.Nf3 Nf6 2.c4 g6 3.Nc3 Bg7 4.e4 d6 5.d4 O-O 6.Be2 Nbd7 7.O-O e5 8.Re1 exd4
9.Nxd4 Re8 10.Bf1 c6 11.Nf3 a5 12.Qxd6 a4 13.Nd2 Qb6 14.Nf3 Ng4 15.Qd2 Nde5
16.Nxe5 Bxe5 17.g3 Bd4 18.Nd1 Be6 19.Qc2 Qa5 20.Re2 Qh5 21.h4 Ne5 22.Re3 Nf3+
23.Rxf3 Qxf3 24.Be3 c5 25.Rc1 a3 26.b3 Bg4 27.Bg2 Qe2 28.Qxe2 Bxe2 29.Bxd4 cxd4
30.f4 Rad8 31.e5 b6 32.Kf2 Bg4 33.Bd5 Kg7  0-1

[Event "44th Rubinstein Mem Open A"]
[Site "Polanica Zdroj POL"]
[Date "2008.08.27"]
[Round "9"]
[White "Sieciechowicz,M"]
[Black "Kanarek,M"]
[Result "0-1"]
[WhiteElo "2311"]
[BlackElo "2349"]

1.d4 Nf6 2.c4 d6 3.Nf3 g6 4.Nc3 Bg7 5.e4 O-O 6.Be2 e5 7.Be3 Nbd7 8.O-O Re8
9.d5 Nh5 10.Ne1 Nf4 11.Nd3 Nxe2+ 12.Qxe2 f5 13.f3 f4 14.Bf2 g5 15.c5 Nf6
16.Rfc1 g4 17.Nb5 Bd7 18.a4 a6 19.Nc3 Kh8 20.Kf1 Rg8 21.Ke1 Bh6 22.Kd2 gxf3
23.gxf3 Ng4 24.Rh1 Nxf2 25.Qxf2 Bh3 26.Rhg1 Bg5 27.a5 Qe7 28.cxd6 cxd6 29.Qb6 Bh4
30.Ke2 Qd7 31.b4 Rg6 32.Rxg6 hxg6 33.Rg1 g5 34.Nf2 Bxf2 35.Qxf2 Qe7 36.Rc1 Rc8
37.Kd2 Rc4 38.Qb6 g4 39.fxg4 Bxg4 40.Kd3 Rd4+ 41.Kc2 f3 42.h3 Bc8 43.Kb1 Qf8
44.Nd1 Rxe4 45.Nf2 Re2  0-1

[Event "44th Rubinstein Mem Open A"]
[Site "Polanica Zdroj POL"]
[Date "2008.08.27"]
[Round "9"]
[White "Jozefczak,A"]
[Black "Mucha,R"]
[Result "0-1"]
[WhiteElo "2013"]
[BlackElo "2160"]

1.e4 g6 2.d4 Bg7 3.c4 d6 4.Nc3 Nf6 5.Be2 O-O 6.Nf3 e5 7.d5 a5 8.h3 Na6 9.Be3 Nc5
10.Qc2 Nh5 11.Nd2 Nf4 12.Bf1 f5 13.g3 Nh5 14.Be2 f4 15.Bxc5 dxc5 16.g4 Nf6
17.f3 Ne8 18.O-O-O Bf6 19.Rdf1 Bd7 20.Nd1 Nd6 21.Nf2 Re8 22.Nd3 b6 23.Ne1 Qe7
24.Ng2 c6 25.Bd1 Kh8 26.h4 b5 27.g5 Bg7 28.Rfg1 bxc4 29.Nxc4 cxd5 30.Nxd6 Qxd6  0-1

[Event "2nd Euwe Stimulans"]
[Site "Sao Paulo BRA"]
[Date "2008.08.27"]
[Round "5"]
[White "El Debs,F"]
[Black "Diaz Hollemaert,N"]
[Result "1/2-1/2"]
[WhiteElo "2440"]
[BlackElo "2419"]

1.Nf3 Nf6 2.c4 g6 3.Nc3 Bg7 4.e4 O-O 5.d4 d6 6.Be2 e5 7.Be3 exd4 8.Nxd4 Re8
9.f3 c6 10.Bf2 d5 11.exd5 cxd5 12.O-O Nc6 13.c5 Nh5 14.Qd2 Be5 15.g3 Bh3
16.Rfe1 Nf6 17.Ncb5 h5 18.b4 a6 19.Nd6 Bxd6 20.Nxc6 bxc6 21.cxd6 Qxd6 22.Bc5 Qc7
23.Bd3 Nd7 24.Bd4 Ne5 25.Rxe5 Rxe5 26.Qh6 f6 27.Qxg6+ Qg7 28.Bxe5 Qxg6 29.Bxg6 fxe5
30.Bxh5 Bd7 31.Re1 a5 32.b5 cxb5 33.Rxe5 b4 34.Rxd5 Be6 35.Rd2 a4 36.Bg6 a3
37.Bc2 Bxa2 38.Be4 Ra5 39.Rxa2 b3 40.Ra1 a2 41.Kf2 Kg7 42.Bb1 Rc5 43.Bxa2 Rc2+
44.Ke3 bxa2 45.h4 Kf6 46.g4 Rc3+ 47.Ke4 Ra3 48.Kd5 Rd3+ 49.Ke4 Ra3 50.Kf4 Ra4+
51.Kg3 Ra3 52.Kg2 Ra4 53.Kf2 Ra3 54.Ke2 Ke5 55.h5 Kf4 56.h6 Re3+ 57.Kd2 Rxf3
58.h7 Rh3 59.Rxa2 Rxh7 60.Ra4+ Kg5 61.Ke3 Rf7 62.Ke2  1/2-1/2

[Event "2nd Open"]
[Site "Urumia IRI"]
[Date "2008.08.27"]
[Round "2"]
[White "Bagaturov,G"]
[Black "Hosseinzadeh,N"]
[Result "1-0"]
[WhiteElo "2482"]
[BlackElo "2054"]

1.d4 Nf6 2.Nf3 g6 3.c4 Bg7 4.Nc3 O-O 5.e4 d6 6.Be2 e5 7.Be3 Ng4 8.Bg5 f6
9.Bh4 g5 10.Bg3 Nh6 11.h3 Nc6 12.dxe5 fxe5 13.c5 Be6 14.cxd6 cxd6 15.O-O Nf7
16.Nd5 h5 17.Ne3 Qf6 18.Bc4 Bxc4 19.Nxc4 Rad8 20.Ne3 Nh8 21.Qb3+ Rf7 22.Rad1 Bh6
23.Nf5 Kh7 24.h4 g4 25.Ng5+ Bxg5 26.hxg5 Qg6 27.f4 gxf3 28.Rxf3 Rc7 29.Qe3 Nf7
30.Nh4  1-0

[Event "XXV Open"]
[Site "Collado Villalba ESP"]
[Date "2008.08.28"]
[Round "7"]
[White "Serrano Nunez,D"]
[Black "Baigorri Navarro,F"]
[Result "1/2-1/2"]
[WhiteElo "2001"]
[BlackElo "2178"]

1.d4 Nf6 2.c4 g6 3.Nc3 Bg7 4.e4 d6 5.Nf3 O-O 6.Be2 e5 7.dxe5 dxe5 8.Qxd8 Rxd8
9.O-O Re8 10.Nd2 c6 11.Nb3 Nbd7 12.Be3 Bf8 13.f3 Be7 14.Rfd1 b6 15.Kf2 Nf8
16.Rac1 Ne6 17.g3 Nd7 18.c5 Ndxc5 19.Nxc5 Bxc5 20.Bxc5 Nxc5 21.Rd6 Bb7 22.Rcd1 a5
23.a4 Rac8 24.g4 Ba6 25.Bxa6 Nxa6 26.Kg3 Nc5 27.g5 Kf8 28.h4 Ke7 29.f4 exf4+
30.Kxf4 Red8 31.e5 Ne6+ 32.Ke3 Ng7 33.Rxd8 Rxd8 34.Rxd8 Kxd8 35.Kf4 Kd7 36.Ne4 Nh5+
37.Ke3 Ke6 38.Nd6 Ng3 39.Nc4 Nf5+ 40.Ke4  1/2-1/2

[Event "8th Open"]
[Site "Velika Gorica CRO"]
[Date "2008.08.28"]
[Round "7"]
[White "Levar,N"]
[Black "Majer,I"]
[Result "1-0"]
[WhiteElo "2174"]
[BlackElo "1955"]

1.d4 Nf6 2.Nf3 g6 3.c4 Bg7 4.Nc3 O-O 5.e4 d6 6.Be2 e5 7.dxe5 dxe5 8.Qxd8 Rxd8
9.Bg5 c6 10.Nxe5 Re8 11.f4 h6 12.Bh4 g5 13.Bg3 gxf4 14.Bxf4 Nxe4 15.Nxe4 Bxe5
16.Bxe5 Rxe5 17.Nc3 Bg4 18.O-O-O Bxe2 19.Rd8+ Kg7 20.Re1 Kf6 21.Rxe2 Rxe2
22.Nxe2 Ke7 23.Rh8 Kd7 24.g4 Kc7 25.Ng3 b5 26.cxb5 cxb5 27.Nf5  1-0

[Event "LXXII ch-CRC Fase 2"]
[Site "San Jose CRC"]
[Date "2008.08.29"]
[Round "5"]
[White "Vargas Serano,P"]
[Black "Machado Ramirez,A"]
[Result "1-0"]
[WhiteElo "1829"]
[BlackElo "2068"]

1.d4 Nf6 2.c4 g6 3.Nc3 Bg7 4.e4 d6 5.Nf3 O-O 6.Be2 e5 7.d5 a5 8.Bg5 Na6 9.Nd2 Qe8
10.O-O Nd7 11.a3 f5 12.exf5 Rxf5 13.Nde4 Ndc5 14.b4 Nxe4 15.Nxe4 Nb8 16.Be3 axb4
17.axb4 Rxa1 18.Qxa1 Rf8 19.Qa5 Bf5 20.Nc3 Qd8 21.c5 dxc5 22.bxc5 Kh8 23.Bc4 Qh4
24.Be2 e4 25.Qb4 Be5 26.g3 Qd8 27.Rd1 Na6 28.Bxa6 bxa6 29.Nxe4 Qb8 30.Qc4 Qb5
31.Qxb5 axb5 32.Bd4 Bxd4 33.Rxd4 Bxe4 34.Rxe4 Rd8 35.Rd4 b4 36.Kg2 b3 37.d6 cxd6
38.cxd6 b2 39.Rb4 Rxd6 40.Rxb2 Rd7 41.Kh3 Kg7 42.f4 Re7 43.Kh4 Rf7 44.Rb5 Ra7
45.h3 Rf7 46.Re5 Kh6 47.Kg4 Ra7 48.Re6 Kg7 49.Rd6 Rb7 50.Rd4 Rf7 51.Re4 Kh6
52.h4 Kg7 53.h5 Ra7 54.Kg5 Kf7 55.Re5 gxh5 56.Kxh5 Kg7 57.Rg5+ Kf6 58.Kh6 Re7
59.Rg4 Rb7 60.Rg5 Re7 61.g4 Ra7 62.Rf5+ Ke6 63.Rb5 Rf7 64.Rb6+ Kd5 65.f5 Ke5
66.Kg5 Rg7+ 67.Kh5 Rf7 68.Re6+ Kf4 69.f6 Rf8 70.Rb6 Ke5 71.g5 Rf7 72.Rb8 Kf5
73.Kh6 Ke6 74.Rg8 Kf5 75.Rg7 Rf8 76.Kxh7 Ra8 77.f7  1-0

[Event "2nd Euwe Stimulans"]
[Site "Sao Paulo BRA"]
[Date "2008.08.29"]
[Round "7"]
[White "Watanabe,A"]
[Black "Roselli Mailhe,B"]
[Result "0-1"]
[WhiteElo "2353"]
[BlackElo "2385"]

1.d4 Nf6 2.c4 g6 3.Nc3 Bg7 4.e4 d6 5.Nf3 O-O 6.Be2 e5 7.dxe5 dxe5 8.Qxd8 Rxd8
9.Bg5 Nbd7 10.O-O-O Rf8 11.Nd5 c6 12.Ne7+ Kh8 13.Nxc8 Raxc8 14.Nd2 Nc5 15.f3 Ne6
16.Be3 Nd7 17.Nb3 Rfd8 18.c5 Bf8 19.Bc4 Ndxc5 20.Nxc5 Bxc5 21.Bxc5 Nxc5 22.Bxf7 Kg7
23.Bc4 b5 24.b4 Na6 25.Be6 Rb8 26.a3 Kf6 27.Ba2 c5 28.bxc5 Nxc5 29.Rxd8 Rxd8
30.Rd1 Rd4 31.g3 g5 32.Bd5 a5 33.Kc2 Rxd1 34.Kxd1 Ne6 35.Bxe6 Kxe6 36.Kd2 h5
37.h3 h4 38.gxh4 gxh4 39.Ke3 Kf6 40.f4 exf4+ 41.Kxf4 a4  0-1

[Event "XXV Open"]
[Site "Collado Villalba ESP"]
[Date "2008.08.30"]
[Round "9"]
[White "Pozo Vera,S"]
[Black "Vassallo Barrochz,M"]
[Result "0-1"]
[WhiteElo "2454"]
[BlackElo "2398"]

1.d4 Nf6 2.Nf3 g6 3.c4 Bg7 4.Nc3 d6 5.e4 O-O 6.Be2 e5 7.O-O exd4 8.Nxd4 Re8
9.f3 c6 10.Kh1 Nbd7 11.Bg5 h6 12.Bh4 a5 13.Nc2 Nc5 14.Bg3 Bf8 15.Qd2 Nh5
16.Bf2 a4 17.g4 Nf6 18.Rad1 Nfd7 19.Be3 Qh4 20.Bf4 Ne5 21.Bg3 Qd8 22.Ne3 Qa5
23.Rg1 a3 24.b3 Bg7 25.Rc1 Qb6 26.Nf5 gxf5 27.gxf5 Kh7 28.Bh4 Ng6 29.fxg6+ fxg6
30.Qxd6 Ne6 31.Be1 Qd8 32.Qg3 Qg5 33.Rd1 Be5 34.Qxg5 Nxg5 35.Na4 Nh3 36.Rf1 Nf4
37.Rf2 Bh3 38.Bf1 Rad8 39.Rxd8 Rxd8 40.Bxh3 Rd1 41.Rf1 Nxh3 42.Kg2 Nf4+ 43.Kf2 Bd4+
44.Kg3 g5  0-1

[Event "XXV Open"]
[Site "Collado Villalba ESP"]
[Date "2008.08.30"]
[Round "9"]
[White "Petkov,V"]
[Black "Moreno Ruiz,J"]
[Result "1-0"]
[WhiteElo "2423"]
[BlackElo "2470"]

1.d4 Nf6 2.c4 g6 3.Nc3 Bg7 4.e4 d6 5.Nf3 O-O 6.Be2 e5 7.Be3 Na6 8.O-O Ng4
9.Bg5 f6 10.Bc1 Kh8 11.h3 Nh6 12.Be3 c6 13.Qd2 Nf7 14.Rfd1 Qe8 15.Bf1 f5
16.exf5 gxf5 17.Re1 Be6 18.Rad1 Rg8 19.b4 Qc8 20.d5 cxd5 21.Nxd5 f4 22.Bxf4 exf4
23.Ne7 Qd7 24.Nxg8 Rxg8 25.c5 Bxh3 26.Qxf4 Bc3 27.cxd6 Bxe1 28.Qf6+ Rg7 29.Rxe1 h5
30.Ng5 Nxg5 31.Re7 Nf7 32.Rxd7 Bxd7 33.Bc4 Ng5 34.Qf8+ Kh7 35.Bd3+  1-0

[Event "Open A"]
[Site "Graz SUI"]
[Date "2008.08.30"]
[Round "1"]
[White "Pilaj,H"]
[Black "Mihevc,N"]
[Result "1-0"]
[WhiteElo "2389"]
[BlackElo "2134"]

1.d4 Nf6 2.c4 g6 3.Nc3 Bg7 4.e4 d6 5.Nf3 O-O 6.Be2 e5 7.Be3 exd4 8.Nxd4 Re8
9.f3 Nbd7 10.O-O Nc5 11.Qd2 Ne6 12.Rad1 h5 13.Nc2 Kh7 14.Kh1 b6 15.Qc1 Ng8
16.Nb4 Bb7 17.Nbd5 c6 18.Nf4 Qe7 19.Nh3 Rac8 20.f4 Bf6 21.Bf3 Nc7 22.Rde1 b5
23.c5 d5 24.e5 Bg7 25.Bxh5 gxh5 26.Ng5+ Kh8 27.Qc2 f5 28.Qxf5 Bh6 29.Nf7+ Kg7
30.Nd6 Ne6 31.Qxh5 d4 32.Nf5+  1-0

[Event "16th Nikea Open"]
[Site "Athens GRE"]
[Date "2008.08.31"]
[Round "8"]
[White "Kostopoulos,E"]
[Black "Skalkotas,N"]
[Result "0-1"]
[WhiteElo "2150"]
[BlackElo "2273"]

1.d4 Nf6 2.c4 d6 3.Nc3 e5 4.Nf3 Nbd7 5.e4 g6 6.Be2 Bg7 7.O-O O-O 8.Bg5 h6
9.Be3 c6 10.h3 exd4 11.Nxd4 Re8 12.Qc2 Nc5 13.Bf3 a5 14.Nb3 Ncd7 15.Na4 Qe7
16.Nd2 Nh7 17.g3 Ng5 18.Bg2 Ne6 19.Nb3 Nec5 20.Nbxc5 Nxc5 21.Nxc5 dxc5 22.Rad1 a4
23.f4 h5 24.e5 Bf5 25.Qf2 Qe6 26.Kh2 Qxc4 27.a3 f6 28.Bxc5 fxe5 29.fxe5 Rxe5
30.Rc1 Qb5 31.Rfe1 Rae8 32.Rxe5 Rxe5 33.Bf1 Bd3 34.Bxd3 Qxd3 35.Rc2 Rf5 36.Qg2 h4
37.gxh4 Be5+ 38.Kh1 Rf1+ 39.Bg1 Rf3 40.Rd2 Rxh3+  0-1

[Event "7th Open"]
[Site "Izmir TUR"]
[Date "2008.08.31"]
[Round "2"]
[White "Annageldyev,O"]
[Black "Sanal,V"]
[Result "1/2-1/2"]
[WhiteElo "2434"]
[BlackElo "1814"]

1.d4 Nf6 2.c4 g6 3.Nc3 Bg7 4.e4 d6 5.Nf3 O-O 6.Be2 e5 7.dxe5 dxe5 8.Qxd8 Rxd8
9.Nxe5 Nxe4 10.Nxe4 Bxe5 11.Bg5  1/2-1/2

[Event "Open"]
[Site "Herzliya ISR"]
[Date "2008.09.02"]
[Round "1"]
[White "Zilberman,Y"]
[Black "Yaacov,A"]
[Result "1/2-1/2"]
[WhiteElo "2453"]
[BlackElo "2159"]

1.d4 Nf6 2.Nf3 g6 3.c4 Bg7 4.Nc3 O-O 5.e4 d6 6.Be2 e5 7.dxe5 dxe5 8.Qxd8 Rxd8
9.Bg5 Re8 10.O-O-O h6 11.Be3 c6 12.Ne1 Ng4 13.Bxg4 Bxg4 14.Rd2 Be6 15.b3 a6
16.Nd3 Nd7 17.Rhd1 Bf8 18.c5 Bg7 19.Kc2 Kh7 20.f3 Nf8 21.Nb2 Bf6 22.Nca4 Rad8
23.Nb6 Rxd2+ 24.Rxd2 Bd8 25.N2c4 Bc7 26.Kc3 f5 27.Nd6 Re7 28.Nbc4 Bxc4 29.Kxc4 Bxd6
30.cxd6 Rf7 31.exf5 gxf5 32.a4 Nd7 33.b4 f4 34.Bf2 Kg6 35.b5 axb5+ 36.axb5 cxb5+
37.Kxb5 Kf5 38.Bh4 Ke6 39.Be7 Rg7 40.Rb2 Rg8 41.Rc2 h5 42.Re2 Rg6  1/2-1/2

[Event "Open A"]
[Site "Graz SUI"]
[Date "2008.09.03"]
[Round "5"]
[White "Vilits,A"]
[Black "Nickl,K"]
[Result "1/2-1/2"]
[WhiteElo "2037"]
[BlackElo "2162"]

1.d4 Nf6 2.c4 g6 3.Nc3 Bg7 4.e4 d6 5.Nf3 O-O 6.Be2 e5 7.O-O Nbd7 8.dxe5 dxe5
9.Be3 c6 10.Qd2 Ng4 11.Bg5 f6 12.Bh4 Qe7 13.Rfd1 Nh6 14.Qd6 Qxd6 15.Rxd6 Nf7
16.Rdd1 Nc5 17.b4 Na6 18.Rab1 Be6 19.Na4 b6 20.b5  1/2-1/2

[Event "TCh-ESP Hon Gp2"]
[Site "Sabadell ESP"]
[Date "2008.09.03"]
[Round "1"]
[White "Gomez Jurado,L"]
[Black "Torrecillas Martinez,A"]
[Result "1/2-1/2"]
[WhiteElo "2299"]
[BlackElo "2365"]

1.d4 Nf6 2.Nf3 g6 3.c4 Bg7 4.Nc3 O-O 5.e4 d6 6.Be2 e5 7.d5 a5 8.Bg5 h6 9.Bh4 Na6
10.Nd2 Qe8 11.a3 Bd7 12.O-O Nh7 13.f3 h5 14.Qc2 Bh6 15.Bf2 Qe7 16.Rfd1 h4
17.Nf1 Bf4 18.Rab1 Qg5 19.Kh1 Nf6 20.b4 axb4 21.axb4 Nh5 22.Bd3 Qf6 23.Qe2 Kg7
24.c5 Nb8 25.Ra1 Rxa1 26.Rxa1 Rh8 27.Kg1 Qg5 28.Ra7 Bc8 29.Nb5 Ng3 30.Bxg3 hxg3
31.Nxc7 gxh2+ 32.Kh1 Qe7 33.Nb5 dxc5 34.d6 Qd8 35.bxc5 Nc6 36.Ra8 Qd7 37.Bc4 b6
38.Qa2 bxc5 39.Bd5 Nb4 40.Qa5 Nxd5 41.exd5 Qf5 42.Qa1 Qc2 43.Ra2 Qd3 44.Nc7 Qd4
45.Qxd4 exd4 46.g3 Bxd6 47.Nb5 Bb8 48.Rc2 Bf5 49.Rxc5 Bd3 50.Nd2 Bxg3 51.Nxd4 Ra8
52.Rc1 Ra5 53.Ne4 Bf4 54.Rd1 Ba6 55.Nc3 Kf8 56.Nde2 Bd6 57.f4 Rc5 58.Rd2 Rc4
59.Ra2 Bb7 60.Kxh2 g5 61.Nb5 Bxf4+ 62.Nxf4 Rxf4 63.d6 Rb4 64.d7 Ke7 65.Rd2 Kd8
66.Nd6 Kxd7 67.Nxb7+ Ke7  1/2-1/2

[Event "17th CRO-chT 1b"]
[Site "Sibenik CRO"]
[Date "2008.09.03"]
[Round "7"]
[White "Bilobrk,F"]
[Black "Viskic,P"]
[Result "1-0"]
[WhiteElo "2372"]
[BlackElo "2222"]

1.d4 d6 2.Nf3 Nf6 3.c4 g6 4.Nc3 Bg7 5.e4 O-O 6.Be2 e5 7.O-O Na6 8.Be3 Ng4
9.Bg5 f6 10.Bh4 Qe8 11.Re1 c6 12.c5 exd4 13.Nxd4 dxc5 14.Nb3 h5 15.Bxa6 bxa6
16.Bg3 c4 17.Na5 Be6 18.Qa4 Ne5 19.Bxe5 fxe5 20.Qxc6 Qf7 21.Re2 Rac8 22.Qxa6 h4
23.h3 Rfd8 24.Rd1 Rd4 25.Rxd4 exd4 26.Nd5 d3 27.Rd2 Bh6 28.f4 Rf8 29.Nxc4 Bxf4
30.Nxf4 Bxc4 31.Qxg6+ Qxg6 32.Nxg6 Re8 33.b3 Ba6 34.Nxh4 Rxe4 35.Nf3 Kf7
36.Ng5+  1-0

[Event "TCh-SRB 1st League"]
[Site "Subotica SRB"]
[Date "2008.09.03"]
[Round "3"]
[White "Benkovic,P"]
[Black "Pavlovic,G1"]
[Result "1/2-1/2"]
[WhiteElo "2479"]
[BlackElo "2388"]

1.Nf3 Nf6 2.c4 g6 3.Nc3 Bg7 4.e4 d6 5.d4 O-O 6.Be2 e5 7.O-O Nbd7 8.Be3 Ng4
9.Bg5 f6 10.Bd2 Nh6 11.Qc1 Nf7 12.Rd1 c6 13.Be3 Qe7 14.c5 dxc5 15.d5 f5 16.dxc6 bxc6
17.Na4 f4 18.Bxc5 Nxc5 19.Qxc5 Qf6 20.Rac1 Be6 21.Qxc6 Bxa2 22.Qxf6 Bxf6
23.Nc5 Rfc8 24.Ba6 Rc7 25.Nd7 Rxc1 26.Nxf6+ Kg7 27.Nh5+ gxh5 28.Rxc1 Rb8
29.Rc2 Rb6 30.Bf1 Bb1 31.Rc7 Kf6 32.Rxa7 Rxb2 33.Bc4 Nd6 34.Ra6 Ke7 35.Ra7+ Kf6
36.Ra6 Ke7 37.Ra7+ Kf6 38.Ra6 Ke7  1/2-1/2

[Event "Open"]
[Site "Herzliya ISR"]
[Date "2008.09.04"]
[Round "3"]
[White "Porat,I"]
[Black "Volman,H"]
[Result "1-0"]
[WhiteElo "2379"]
[BlackElo "2175"]

1.d4 Nf6 2.c4 g6 3.Nc3 Bg7 4.e4 d6 5.Nf3 O-O 6.Be2 e5 7.O-O exd4 8.Nxd4 Re8
9.f3 Nc6 10.Be3 Nh5 11.g3 f5 12.Nxc6 bxc6 13.Bd4 Bxd4+ 14.Qxd4 f4 15.g4 Qg5
16.c5 Be6 17.cxd6 cxd6 18.Qxd6 Nf6 19.Na4 h5 20.Qc5 Qh4 21.Qf2 Qxf2+ 22.Rxf2 hxg4
23.fxg4 g5 24.Nc5 Bxg4 25.Bxg4 Nxg4 26.Rg2 Ne3 27.Rxg5+ Kf7 28.Kf2 Rh8 29.Rag1 Rxh2+
30.Kf3 Rh7 31.Kxf4 Nc4 32.b3 Nb6 33.Rf5+ Ke7 34.Rg6 Rc8 35.a3 Rf7 36.Re6+ Kf8
37.Rh6 Rxf5+ 38.exf5 Nd5+ 39.Ke5 Kf7 40.Rd6 a5 41.Ne6 Kg8 42.Rd8+ Rxd8 43.Nxd8 Ne7
44.f6 Ng6+ 45.Kf5 Nh4+ 46.Ke6 c5 47.Nb7 a4 48.Nxc5 axb3 49.Nxb3 Kf8 50.Nc5 Ng6
51.Nd7+  1-0

[Event "Open"]
[Site "Herzliya ISR"]
[Date "2008.09.04"]
[Round "3"]
[White "Zilberman,Y"]
[Black "Shutzman,J"]
[Result "1-0"]
[WhiteElo "2453"]
[BlackElo "2318"]

1.d4 Nf6 2.c4 g6 3.Nc3 Bg7 4.e4 d6 5.Be2 O-O 6.Nf3 Na6 7.O-O e5 8.d5 Nc5
9.Qc2 a5 10.Bg5 h6 11.Be3 Nh5 12.g3 Bh3 13.Rfe1 b6 14.Nd2 Nf6 15.f3 Nh7 16.a3 f5
17.b4 f4 18.Bf2 Na6 19.Rab1 axb4 20.axb4 h5 21.Rb3 Bh6 22.Nb5 Qg5 23.Nf1 h4
24.g4 Bxg4 25.fxg4 f3 26.h3 fxe2 27.Qxe2 Qe7 28.Nh2 Bf4 29.Nf3 Bg3 30.Bxg3 hxg3
31.Qg2 Nb8 32.Qxg3 Ra2 33.g5 Rf4 34.Nc3 Rc2 35.Re3 Rc1+ 36.Kg2 Rc2+ 37.Ne2 Qf8
38.Rbc3 Rxc3 39.Nxc3 Na6 40.Na2 Qc8 41.Ng1 c5 42.Ne2 Rf7 43.b5 Nb4 44.Nac3 Nc2
45.Rf3 Rxf3 46.Kxf3 Na3 47.Qg4 Qxg4+ 48.Kxg4 Nxc4 49.h4 Nf8 50.Nc1 Kg7 51.Nb3 Nd7
52.Kf3 Kf7 53.Ke2 Kg7 54.Nb1 Kf7 55.N3d2 Na5 56.Na3 Kg7 57.Nac4 Nb7 58.Nb1 Kf7
59.Nc3 Ke7 60.Na4 Na5 61.Naxb6 Nxb6 62.Nxb6 Nb3 63.Ke3 Nd4 64.Nc8+ Kd7 65.Na7 c4
66.b6 c3 67.Kd3 c2 68.Kd2 Nf3+ 69.Kxc2 Nxh4 70.Nb5 Kc8 71.Nxd6+ Kb8 72.Nf7 Kb7
73.d6 Kc6 74.b7  1-0

[Event "5th LGA Premium Cup"]
[Site "Nuernberg GER"]
[Date "2008.09.05"]
[Round "3"]
[White "Wells,P"]
[Black "Espig,L"]
[Result "1-0"]
[WhiteElo "2526"]
[BlackElo "2346"]

1.d4 Nf6 2.c4 d6 3.Nf3 Nbd7 4.Nc3 g6 5.e4 e5 6.Be2 Bg7 7.O-O O-O 8.Be3 Ng4
9.Bg5 f6 10.Bd2 Nh6 11.Qc2 Nf7 12.Rad1 c6 13.Be3 Qe7 14.c5 dxc5 15.d5 Bh6
16.dxc6 bxc6 17.Bxh6 Nxh6 18.Na4 Rb8 19.b3 Kg7 20.Rd2 f5 21.Qc3 fxe4 22.Rxd7 Bxd7
23.Nxe5 Rf6 24.Nxc5 Be8 25.Nxe4 Qb4 26.Qxb4 Rxb4 27.Nxf6 Kxf6 28.Nc4 Ke7
29.Bg4 Nf5 30.Rd1 Bf7 31.Ne5 Be8 32.Bxf5 gxf5 33.f3 a5 34.Rc1 a4 35.Nxc6+ Bxc6
36.Rxc6 axb3 37.axb3 Rxb3 38.Rh6 f4 39.h4 Kf7 40.Rxh7+ Kg6 41.Rh8 Rb4 42.Kh2 Kg7
43.Re8 Rb7 44.Kh3 Kh7 45.Re5 Ra7 46.Kg4 Ra2 47.Rh5+  1-0